All Pokemon with alternate forms: Johto edition - Statistics

General Stats
  • This quiz has been taken 36 times
  • The average score is 43 of 48
Answer Stats
Hint Answer % Correct
Unown A
100%
Unown B
100%
Unown C
100%
Unown D
100%
Unown E
100%
Unown F
100%
Unown G
100%
Unown H
100%
Unown I
100%
Unown J
100%
Unown K
100%
Unown L
100%
Unown M
100%
Unown N
100%
Unown O
100%
Unown P
100%
Unown Q
100%
Unown R
100%
Unown S
100%
Unown T
100%
Unown U
100%
Unown V
100%
Unown W
100%
Unown X
100%
Unown Y
100%
Unown Z
100%
Ampharos Mega
88%
Steelix Mega
88%
Scizor Mega
88%
Heracross Mega
88%
Houndoom Mega
88%
Tyranitar Mega
88%
Wooper Paldean
88%
Typholosion Hisuian
83%
Qwilfish Hisuian
83%
Sneasel Hisuian
83%
Unown !
79%
Unown ?
79%
Slowking Galarian
75%
Corsola Galarian
75%
Delibird Future Paradox
67%
Donphan Future Paradox
67%
Tyranitar Future Paradox
67%
Misdreavus Past Paradox
67%
Donphan Past Paradox
67%
Raikou Past Paradox
67%
Suicune Past Paradox
67%
Pichu Spiky-Eared
54%
No matching quizzes found
Score Distribution
Percent of People with Each Score
Percentile by Number Answered
Your Score History
You have not taken this quiz